10 Logos de clubs de foot : Extrême - Statistiques

Statistiques générales
  • Ce quiz a été pris 30 fois
  • Le résultat moyen est 2 sur 10
Statistiques - réponses
Par images Réponse % Correct
PAOK Salonique
86%
FC Sion
75%
AGF Aarhus
18%
Damac FC
4%
Football Club Petrolul
4%
Motor Lublin SA
4%
Shelbourne FC
4%
Chennaiyin FC
0%
Henan FC
0%
IFK Värnamo
0%
Aucun quiz correspondant
Distribution des résultats
% des personnes avec chaque résultat
Percentile par nombre de réponses
Votre historique - résultats
Vous n’avez pas pris ce quiz